|
|
|
|
| LEADER |
00000nas a2200000 a 4500 |
| 001 |
ssj0000518 |
| 003 |
WaSeSS |
| 005 |
20200512172242.0 |
| 006 |
m d |
| 007 |
cr n |
| 008 |
010418c19759999nbutr pss o 0 a0eng c |
| 010 |
|
|
|a 2005216178
|z 2001211164
|
| 016 |
7 |
|
|a 02256800X
|2 DE-101
|
| 016 |
7 |
|
|a 2056956-7
|2 DE-600
|
| 022 |
|
|
|a 1536-0334
|l 0160-9009
|y 0160-9009
|
| 035 |
|
|
|a (WaSeSS)ssj0000518
|
| 037 |
|
|
|b Project Muse, 2715 N. Charles St., Baltimore, MD 21218-4363
|
| 040 |
|
|
|a JHE
|b eng
|c JHE
|d NSD
|d OCLCQ
|d OCLCS
|d IUL
|d NSD
|d EYM
|d OCLCQ
|d GBVCP
|d OCLCQ
|d OCLCA
|d OCLCF
|d CUS
|d VT2
|d OCLCQ
|d DEBBG
|d UUM
|d NTG
|d AU@
|d TKN
|d WaSeSS
|
| 042 |
|
|
|a pcc
|a nsdp
|
| 050 |
1 |
4 |
|a HQ1101
|
| 082 |
1 |
0 |
|a 305.42
|2 13
|
| 130 |
0 |
|
|a Frontiers (Boulder, Colo. : Online)
|
| 222 |
|
0 |
|a Frontiers
|b (Boulder, Colo. : Online)
|
| 245 |
1 |
0 |
|a Frontiers
|h [electronic resource] :
|b a journal of women studies.
|
| 260 |
|
|
|a Boulder, Colo. :
|b Women Studies Program, University of Colorado,
|c 1975-
|
| 310 |
|
|
|a Three times a year
|
| 362 |
0 |
|
|a Vol. 1, no. 1 (fall 1975)-
|
| 500 |
|
|
|a Title from cover (JSTOR, viewed May 10, 2006).
|
| 500 |
|
|
|a Imprint varies; published: Niwot, Colo. : University Press of Colorado, 1991-1996; Pullman, Wash. : Washington State University Press, 1997-2000; Lincoln, Neb. : University of Nebraska Press, 2001-
|
| 506 |
|
|
|a License restrictions may limit access.
|
| 515 |
|
|
|a No volumes were issued in 1982.
|
| 538 |
|
|
|a Mode of access: World Wide Web.
|
| 550 |
|
|
|a Issued 1975-1990 by University of Colorado, Women Studies Program; 1991- by Women Studies Program, University of New Mexico.
|
| 588 |
|
|
|a Latest issue consulted: Vol. 26, no. 3 (2005) (Project Muse, viewed May 10, 2006).
|
| 650 |
|
0 |
|a Women's studies
|v Periodicals.
|
| 650 |
|
7 |
|a Women's studies.
|2 fast
|0 (OCoLC)fst01178850
|
| 655 |
|
0 |
|a Electronic journals.
|
| 710 |
2 |
|
|a University of Colorado Boulder.
|b Women Studies Program.
|
| 710 |
2 |
|
|a University of New Mexico.
|b Women Studies Program.
|
| 776 |
1 |
|
|t Frontiers (Boulder, Colo.)
|x 0160-9009
|w (DLC) 76647397
|w (OCoLC)2586280
|
| 856 |
4 |
0 |
|z Full text available from Research Library: 01/01/1994 to present
|u https://search.proquest.com/publication/37819
|